Optical properties and urbach rule of GaAs films deposited on polycor by pulsed ion ablation; 10th International Conference on Modification of materials with Particle Beams and Plasma Flows, Tomsk, September 19-24, 2010

Bibliografiske detaljer
Parent link:10th International Conference on Modification of materials with Particle Beams and Plasma Flows, Tomsk, September 19-24, 2010.— 2010.— [P. 567-570]
Andre forfattere: Kabyshev A. V. Alexander Vasilievich, Konusov F. V. Fedor Valerievich, Lozhnikov S. N., Remnev G. E. Gennady Efimovich, Saltimakov M. S.
Summary:Title screen
Sprog:engelsk
Udgivet: 2010
Fag:
Online adgang:http://www.hcei.tsc.ru/conf/2010/cat/proc_2010/cmm/567-570.pdf
Format: MixedMaterials Electronisk Book Chapter
KOHA link:https://koha.lib.tpu.ru/cgi-bin/koha/opac-detail.pl?biblionumber=637387

MARC

LEADER 00000naa0a2200000 4500
001 637387
005 20250528095606.0
035 |a (RuTPU)RU\TPU\network\1512 
035 |a RU\TPU\network\1424 
090 |a 637387 
100 |a 20140908d2010 k||y0engy50 ba 
101 0 |a eng 
102 |a RU 
135 |a drcn ---uucaa 
181 0 |a i  
182 0 |a b 
200 1 |a Optical properties and urbach rule of GaAs films deposited on polycor by pulsed ion ablation  |f A. V. Kabyshev [et al.] 
203 |a Text  |c electronic 
300 |a Title screen 
320 |a [Ref.: p. 570 (20 tit.)] 
337 |a Adobe Reader 
463 |t 10th International Conference on Modification of materials with Particle Beams and Plasma Flows, Tomsk, September 19-24, 2010  |o proceedings  |f Institute of High Current Electronics  |v [P. 567-570]  |d 2010 
610 1 |a электронный ресурс 
610 1 |a труды учёных ТПУ 
701 1 |a Kabyshev  |b A. V.  |c specialist in the field of electric power engineering  |c Professor of Tomsk Polytechnic University, Doctor of physical and mathematical sciences  |f 1958-  |g Alexander Vasilievich  |3 (RuTPU)RU\TPU\pers\32572 
701 1 |a Konusov  |b F. V.  |c physicist  |c Lead Engineer of Tomsk Polytechnic University, Candidate of physical and mathematical sciences  |f 1958-  |g Fedor Valerievich  |3 (RuTPU)RU\TPU\pers\32570  |9 16491 
701 1 |a Lozhnikov  |b S. N. 
701 1 |a Remnev  |b G. E.  |c physicist  |c Professor of Tomsk Polytechnic University, Doctor of technical sciences  |f 1948-  |g Gennady Efimovich  |3 (RuTPU)RU\TPU\pers\31500 
701 1 |a Saltimakov  |b M. S. 
801 2 |a RU  |b 63413507  |c 20150624  |g RCR 
850 |a 63413507 
856 4 |u http://www.hcei.tsc.ru/conf/2010/cat/proc_2010/cmm/567-570.pdf 
942 |c CF